Every D1 NCAA College in New Jersey - Statistics

General Stats
  • This quiz has been taken 36 times
  • The average score is 6 of 8
Answer Stats
Hint Answer % Correct
Scarlet Knights Rutgers
97%
Tigers Princeton
83%
Highlanders NJIT
77%
Pirates Seton Hall
77%
Peacocks Saint Peters
69%
Broncs Rider
63%
Knights Fairleigh-Dickinson
57%
Hawks Monmouth
51%
No matching quizzes found
Score Distribution
Percent of People with Each Score
Percentile by Number Answered
Your Score History
You have not taken this quiz